| 000 | 00821nam a2200205Ia 4500 | ||
|---|---|---|---|
| 003 | IN-BaIIA | ||
| 008 | 211028s9999 xx 000 0 eng d | ||
| 040 | _cIIA Library | ||
| 080 |
_a535.417(063) _bESO |
||
| 111 |
_aInternational Workshop on the Atmospheres of Saturn and Titan _cCargese, Corsica, France _d1984 Oct. 23-25 _915538 |
||
| 245 | 0 |
_aKilometric optical arrays in space _bproceedings of the colloquium on kilometric optical arrays in space, held in Cargese, Corsica, France, 23-25 October, 1984 _cedited by N. Longdon and O. Melita |
|
| 260 |
_aParis _bEuropean Space Agency _c1985 |
||
| 300 | _avi, 194p. | ||
| 490 | _aESA SP-226 | ||
| 650 | _aAstronomy and astrophysics thesaurus | ||
| 650 |
_aInterferometry _93249 |
||
| 700 |
_aLongdon, N., ed. _915539 |
||
| 700 |
_aMelita, O., ed. _915540 |
||
| 942 | _cBK | ||
| 999 |
_c9249 _d9249 |
||